Countries with 3D View on google earth - Statistics

General Stats
  • This quiz has been taken 19 times
    9 since last reset
  • The average score is 26 of 55
Answer Stats
Answer % Correct
United states
100%
Finland
80%
France
80%
Germany
80%
Iceland
80%
Italy
80%
Sweden
80%
United kingdom
80%
Australia
60%
Brazil
60%
Canada
60%
China
60%
Greece
60%
Japan
60%
Mexico
60%
Norway
60%
Poland
60%
South Africa
60%
Spain
60%
Switzerland
60%
Albania
40%
Argentina
40%
Austria
40%
Bahamas
40%
Bosnia And Herzegovina
40%
Bulgaria
40%
Croatia
40%
Czechia
40%
Denmark
40%
Hungary
40%
Ireland
40%
Latvia
40%
Lithuania
40%
Malaysia
40%
Malta
40%
Monaco
40%
New zealand
40%
Portugal
40%
Romania
40%
Singapore
40%
Slovakia
40%
Taiwan
40%
Tunisia
40%
Vatican city
40%
Belgium
20%
Chile
20%
Estonia
20%
Kosovo
20%
Luxembourg
20%
Montenegro
20%
Netherlands
20%
Philippines
20%
San marino
20%
Serbia
20%
Slovenia
20%
No matching quizzes found
Score Distribution
Percent of People with Each Score
Percentile by Number Answered
Your Score History
You have not taken this quiz since the last reset